Práce o dějinách charvátského divadla a jeho českých vztazích /

Hlavní autor: Dorovský, Ivan, 1935-2021
Korporativní autor: Slovanský ústav (Akademie věd ČR)
Jazyk: Čeština
Vydáno: [Praha : Slovanský ústav, 1992]
Témata:
Fyzický popis: s. 307-311 ; 24 cm
Knihy
Uloženo v:
LEADER 01103nam a2200277 a 4500
001 000471700
003 CZ BrMZK
005 20000115143423.0
007 ta
008 000115s1992 xr f cze d
040 |a BOA001  |b cze 
080 |a 792(497.13)(091)  |2 MRF 
100 1 |a Dorovský, Ivan,  |d 1935-2021  |7 jk01022745  |4 aut 
245 1 0 |a Práce o dějinách charvátského divadla a jeho českých vztazích /  |c Ivan Dorovský. 
260 |a [Praha :  |b Slovanský ústav,  |c 1992] 
300 |a s. 307-311 ;  |c 24 cm 
500 |a Zvl. ot.: Slavia - časopis pro slovanskou filologii, roč. 61, 1992 
653 0 |a chorvatská opera  |a chorvatské divadlo  |a chorvatské drama  |a chorvatský balet  |a česko-chorvatské vztahy 
710 2 |a Slovanský ústav (Akademie věd ČR)  |7 kn20010709008 
910 |a BOA001  |b 2-1075.041 
964 |a Balet chorvatský  |x dějiny 
964 |a Divadlo chorvatské  |x dějiny 
964 |a Drama chorvatské  |x dějiny 
964 |a Opera chorvatská  |x dějiny 
990 |a BK 
996 6 |b 2610118487  |c 2-1075.041  |l MZK  |r Sklad / do 1 hodiny  |n 7  |p  p.v.  |w 000471700  |u 000010  |a 1  |e BOA001  |j MZK50  |s P